Agricultural drainage: (Record no. 8573)

MARC details
000 -LEADER
fixed length control field 00537 a2200169 4500
010 ## - LCCN (DPL NO)
LC control number ENG-88506
020 ## - INTERNATIONAL STANDARD BOOK NUMBER
International Standard Book Number 9788185873350
Terms of availability 1800.00
035 ## - SYSTEM CONTROL NUMBER
System control number EN-72039
037 ## - SOURCE OF ACQUISITION
Source of stock number/acquisition DBAD / PUB
082 14 - DEWEY DECIMAL CLASSIFICATION NUMBER
Classification number 631.62
245 1# - TITLE STATEMENT
Title Agricultural drainage:
Statement of responsibility, etc by U.S. Kadam ... [et al]
Remainder of title principles and practices/
260 ## - PUBLICATION, DISTRIBUTION, ETC. (IMPRINT)
Place of publication, distribution, etc New Dehli
Name of publisher, distributor, etc Westville Publishing House
Date of publication, distribution, etc 2008
270 ## - ADDRESS
Address 47, B-5, Paschim Vihar,
City New Dehli
Postal code 110 063
300 ## - PHYSICAL DESCRIPTION
Extent xii, 539p.
Dimensions 24cm (Hb)
700 ## - ADDED ENTRY--PERSONAL NAME
Personal name Kadam, U.S.
942 ## - ADDED ENTRY ELEMENTS (KOHA)
Institution code [OBSOLETE] dpl
Item type English Books
Source of classification or shelving scheme Dewey Decimal Classification
Classification part 631.62
Call number suffix AGR
Holdings
Withdrawn status Lost status Not for loan Collection code Home library Current library Source of acquisition Cost, normal purchase price Full call number Barcode Copy number Cost, replacement price Koha item type
    Not For Loan Non-fiction D.B.Act.Division D.B.Act.Division DBAD/PUB 1800.00 631.62 AGR EN-72039 1 1800.00 English Books

© Delhi Public Library
Hit Counter
free hit counter